Zákon č. 595/2003 Z.z. o dani z príjmov s komentárom
Zákon č.595/2003 Z.z. o dani z príjmov v znení ďalších zákonov ... a zákona č. 463/2013 Z.z. s komentárom. Zákon upravuje daň z príjmov fyzickej a právnickej osoby, spôsob platenia a vyberania dane.
Enregistré dans:
| Auteur principal: | |
|---|---|
| Format: | Chapitre de livre |
| Langue: | slovaque |
| Sujets: | |
| Tags: |
Pas de tags, Soyez le premier à ajouter un tag!
|
MARC
| LEADER | 00000naa a2200000 4500 | ||
|---|---|---|---|
| 001 | 0182552 | ||
| 005 | 20231120103637.4 | ||
| 041 | 0 | |a slo | |
| 044 | |a SK | ||
| 245 | 1 | 0 | |a Zákon č. 595/2003 Z.z. o dani z príjmov s komentárom |c Miroslava Brnová ... [et al.] |
| 520 | |a Zákon č.595/2003 Z.z. o dani z príjmov v znení ďalších zákonov ... a zákona č. 463/2013 Z.z. s komentárom. Zákon upravuje daň z príjmov fyzickej a právnickej osoby, spôsob platenia a vyberania dane. | ||
| 610 | 2 | 0 | |a dane z príjmov |
| 610 | 2 | 0 | |a zákony |
| 610 | 2 | 0 | |a novelizácia |
| 610 | 2 | 0 | |a komentáre |
| 610 | 2 | 0 | |a Slovensko |
| 100 | 1 | |a Brnová, Miroslava | |